Sports Quiz

Random Sports or MLB Quiz

Criteria MLB Teams Quiz Stats

 Plays Quiz Updated Nov 27, 2017

Also try: Criteria NFL Teams
Challenge
Share
Tweet
Embed
Score 0/10 Timer 07:00
0 Plays Today
% Correct
???
100%
???
83%
???
53.9%
???
36.1%
???
29.5%
???
25.2%
???
18.3%
???
17.2%
???
16.5%
???
16.5%

You're not logged in!

Compare scores with friends on all Sporcle quizzes.
Join for Free
OR
Log In

You Might Also Like...

Show Comments

Extras

Top Quizzes Today


Score Distribution

Your Account Isn't Verified!

In order to create a playlist on Sporcle, you need to verify the email address you used during registration. Go to your Sporcle Settings to finish the process.

Report this User

Report this user for behavior that violates our Community Guidelines.

Details: